Central Library OPAC University of Rajshahi

Advanced level applied mathematics / (Record no. 54474)

MARC details
000 -LEADER
fixed length control field 00735nam a2200241 a 4500
001 - CONTROL NUMBER
control field 54474
003 - CONTROL NUMBER IDENTIFIER
rucl marc code BD-RjUL
005 - DATE AND TIME OF LATEST TRANSACTION
control field 20211209080127.0
008 - FIXED-LENGTH DATA ELEMENTS--GENERAL INFORMATION
fixed length control field 161107r19601955enk 001 0 eng
035 ## - SYSTEM CONTROL NUMBER
System control number (BD-RjUL)54596
040 ## - CATALOGING SOURCE
Original cataloging agency DLC
Transcribing agency FXG
Modifying agency BD-RjUL
Language of cataloging eng
041 ## - LANGUAGE CODE
Language code of text/sound track or separate title eng
082 04 - DEWEY DECIMAL CLASSIFICATION NUMBER
Classification number 530.15
Edition number 23
Author mark and year LAA 1960
100 1# - MAIN ENTRY--PERSONAL NAME
Personal name Lambe, C. G.
Fuller form of name (Cyril Gerard)
9 (RLIN) 154803
245 10 - TITLE STATEMENT
Title Advanced level applied mathematics /
Statement of responsibility, etc. C. G. Lambe
260 ## - PUBLICATION, DISTRIBUTION, ETC. (IMPRINT)
Place of publication, distribution, etc. London :
Name of publisher, distributor, etc. English Universities Press,
Date of publication, distribution, etc. 1953 [ Reprinted 1960] .
300 ## - PHYSICAL DESCRIPTION
Pagination xiii, 419 p. :
Illustrations ill. ;
Size 23 cm.
490 1# - SERIES STATEMENT
Series statement Physical science texts
500 ## - GENERAL NOTE
General note Includes Index
650 #0 - SUBJECT ADDED ENTRY--TOPICAL TERM
Topical term or geographic name as entry element Mathematical physics.
9 (RLIN) 122138
830 #0 - SERIES ADDED ENTRY--UNIFORM TITLE
Uniform title Physical science texts
942 ## - ADDED ENTRY ELEMENTS (KOHA)
Source of classification or shelving scheme Dewey Decimal Classification
Koha item type Books
Holdings
Lost status Source of classification or shelving scheme Damaged status Not for loan Collection code Permanent Location Current Location Shelving location Date acquired Source of acquisition Cost, normal purchase price Total Checkouts Full call number Date last seen Copy number Koha item type
  Dewey Decimal Classification     Non-fiction Central Library, University of Rajshahi Central Library, University of Rajshahi   26/01/1963 Zeitlinger 25.00   530.15 LAA 1960 07/11/2016 C-2 Books
  Dewey Decimal Classification   Not For Loan Non-fiction Central Library, University of Rajshahi Central Library, University of Rajshahi Reading Room 29/09/1962 Eng U.P.Ltd. 25.00   530.15 LAA 1960 22/03/2017 C-1 Books